| 000 | 00706nam a22002417a 4500 | ||
|---|---|---|---|
| 001 | BR7906531 | ||
| 003 | BR-BrBNA | ||
| 005 | 20230928090208.0 | ||
| 007 | ta | ||
| 008 | 230509b bl.||||| |||| 00| 0 por d | ||
| 040 |
_aBR-BrBNA _bpor _cBiblioteca Nacional de Agricultura |
||
| 041 | _a(Eng) | ||
| 072 |
_aE30; K00 _b/G514 |
||
| 090 | _ E30 BR7906531 | ||
| 110 | 1 |
_aInstituto Brasileiro de Desenvolvimento Florestal, Brasilia, DF _95726 |
|
| 245 | 1 | _aGuidelines for Brazilian forestry policy. Period: 1979-1985 | |
| 260 | 3 |
_aBrasilia, DF (Brasil): _c1979. |
|
| 300 | _a26 p. | ||
| 650 | _aPOLITICA AGRICOLA | ||
| 650 | _aPOLITICA FLORESTAL | ||
| 909 |
_a202309 _bLucia _c55 _dLucia Elande |
||
| 942 | _cBK | ||
| 999 |
_c28041 _d28041 |
||